Komu je určený zvýhodnený daňový úver?

Pokračovanie článku z HN č. 154/01. Ďalšou strategickou oblasťou podpory štátu podnikateľom je cestovný ruch. Niekoľko príkladov.

Salvato in:
Dettagli Bibliografici
Autore principale: Salanciová, Darina
Natura: Capitolo di libro
Lingua:slovacco
Soggetti:
Tags: Aggiungi Tag
Nessun Tag, puoi essere il primo ad aggiungerne!!

MARC

LEADER 00000naa a2200000 4500
001 r042403
005 20230801095833.0
041 0 |a slo 
044 |a SK 
245 1 0 |a Komu je určený zvýhodnený daňový úver?  |c Darina Salanciová 
520 |a Pokračovanie článku z HN č. 154/01. Ďalšou strategickou oblasťou podpory štátu podnikateľom je cestovný ruch. Niekoľko príkladov. 
610 2 0 |a úver daňový 
610 2 0 |a politika daňová 
610 2 0 |a ruch cestovný 
610 2 0 |a úpravy právne 
610 2 0 |a Slovensko 
100 1 |a Salanciová, Darina